Rammstein Songs A-Z - Statistiken

Allgemein
  • Dieses Quiz wurde 264 mal gespielt
  • Das Durchschnittsergebnis liegt bei 13 aus 20
Antwortstatistiken
Hint Antwort % Korrekt
D 10 Dalai Lama / Das alte Leid / Das Modell / Der Meister / Deutschland / Diamant / Dicke Titten / Donaukinder / Du hast / Du riechst so gut
97%
A 9 Adieu / Adios /Alter Mann / Amerika / Amour / Angst / Armee der Tristen / Asche zu Asche / Ausländer
90%
S 11 Schwarz / Seemann / Sehnsucht / Sex / Sonne / Spiel mit mir / Spieluhr / Spring / Stein um Stein / Stirb nicht vor mir / Stripped
89%
R 7 Radio / Rammlied / Rammstein / Rein raus / Reise Reise / Rosenrot / Roter Sand
87%
M 9 Mann gegen Mann / Mehr / Meine Tränen / Mein Herz brennt / Mein Land / Mein Teil / Morgenstern / Moskau / Mutter
85%
E 3 Eifersucht / Ein Lied / Engel
82%
F 5 Feuer frei / Feuerräder / Feuer und Wasser / Frühling in Paris / Führe mich
75%
Z 5 Zeig dich / Zeit / Zerstören / Zick Zack / Zwitter
75%
B 4 Bückstabü / Benzin / Bestrafe mich / Bück dich
73%
H 7 Haifisch / Halleluja / Hallomann / Halt / Heirate mich / Herzeleid / Hilf mir
72%
L 6 Laichzeit / Liebe ist für alle da / Liese / Links 234 / Los / Lügen
67%
P 2 Puppe / Pussy
66%
W 8 Waidmanns Heil / Was ich liebe / Weisses Fleisch / Weit weg / Wiener Blut / Wilder Wein / Wo bist du / Wollt ihr das Bett in Flammen sehen
65%
O 2 Ohne dich / OK
64%
K 4 Keine Lust / Klavier / Kokain / Küss mich
56%
I 2 Ich tu dir weh / Ich will /
54%
T 3 Tattoo / Te quiero puta / Tier
53%
N 1 Nebel
33%
G 2 Gib mir deine Augen / Giftig
32%
V 1 Vergiss uns nicht
16%
Keine übereinstimmenden Quizze gefunden
Verteilung der Resultate
Anzahl Personen mit jedem Resultat
Perzentil nach korrekt beantworteten Fragen
Ihre Resultats-Entwicklung
Sie haben dieses Quiz noch nicht gespielt